000 00835nam a2200253Ia 4500
003 OSt
005 20220926013444.0
006 a|||||r|||| 00| 0
007 ta
008 220923b |||||||| |||| 00| 0 eng d
037 _cGeneral Book
040 _aRTL
_cRTL
_beng
041 _2eng
_aeng
082 _aY9(W).2.N7, L4
100 _aKothari Rajni
_997368
245 0 _aFootsteps in to the future
_b Diagnosis of the present World and a design for an alternative.
260 _aNew York
_bI W O
_c1974
300 _axxiii, 173p
_ccm.
490 _aPreferred Worlds for the 1990's. Ed by Saul H Mendlovitz. Institute of the World Order, Publication
500 _aAppendix: P 149-63
650 _aPolitical Sociology
942 _hY9(W).2.N7, L4
_cGB
_2CC
999 _c626024
_d626024